[Event "WLS Under 1850 League"]
[Site "Wales"]
[Date "2020.01.26"]
[Round "1.10"]
[White "Ryan, Jeremy"]
[Black "Thomas, Mark"]
[Result "0-1"]
[WhiteElo "1603"]
[BlackElo "1800"]
[PlyCount "150"]
[EventDate "2020.01.26"]
[EventType "team-tourn"]
[EventRounds "9"]
[EventCountry "WLS"]
[SourceTitle "EXT 2022"]
[Source "ChessBase"]
[SourceDate "2021.10.06"]
[SourceVersion "1"]
[SourceVersionDate "2021.10.06"]
[SourceQuality "1"]
[WhiteTeam "Ponty Youth"]
[BlackTeam "White Knights"]
[WhiteTeamCountry "WLS"]
[BlackTeamCountry "WLS"]

1. d4 d6 2. Nf3 Nf6 3. Bf4 g6 4. h3 Bg7 5. c3 Nbd7 6. e3 0-0 7. Nbd2 b6 8. Bc4 Bb7 9. Qe2 e6 10. 0-0 Qe7 11. Rad1 Rfd8 12. Rfe1 h6 13. e4 e5 14. Bh2 a6 15. d5 Rf8 16. b4 Nh7 17. Bd3 f5 18. c4 f4 19. Kh1 g5 20. g4 fxg3 21. fxg3 h5 22. Nf1 Ndf6 23. Ne3 Bc8 24. Qg2 Ne8 25. g4 Qf7 26. Nf5 Bxf5 27. gxf5 Bf6 28. Nh4 Kg7 29. Ng6 Rg8 30. Be2 Nf8 31. Bxh5 Rh8 32. Nxh8 Qxh5 33. Ng6 Nxg6 34. fxg6 Qxg6 35. Rg1 Kh6 36. h4 Ng7 37. hxg5+ Bxg5 38. Rdf1 Rh8 39. Qh3+ Qh5 40. Qxh5+ Nxh5 41. Rf7 Nf6 42. Rxc7 Nxe4 43. Kg2 Kg6 44. Rf1 Rh4 45. Rff7 Nd2 46. Rg7+ Kf5 47. Rcf7+ Bf6 48. Rh7 Rxc4 49. Rh6 Ne4 50. Bg3 Rc2+ 51. Kg1 Kg4 52. Be1 Bg5 53. Rh2 Rc1 54. Rg2+ Kh5 55. Re2 Nf6 56. Kf2 Nxd5 57. Bd2 Rc4 58. Bxg5 Kxg5 59. Rd2 Nf6 60. a3 Ne4+ 61. Ke3 Nxd2 62. Kxd2 a5 63. Rd7 Rd4+ 64. Ke3 axb4 65. axb4 Kf5 66. Rb7 Rxb4 67. Rf7+ Ke6 68. Rb7 Kd5 69. Rh7 Rb3+ 70. Kd2 e4 71. Rh5+ Kd4 72. Rh6 d5 73. Kc2 Rc3+ 74. Kd2 e3+ 75. Ke2 Rc2+ 0-1